Vocabulaire des etudes litteraires
Saved in:
| Main Author: | |
|---|---|
| Other Authors: | |
| Format: | Book |
| Language: | French |
| Published: |
Paris :
Hachette,
1993
|
| Series: | Faire le point
|
| Subjects: | |
| Tags: |
Add Tag
No Tags, Be the first to tag this record!
|
MARC
| LEADER | 00000nam a2200000 i 4500 | ||
|---|---|---|---|
| 001 | 1/83342 | ||
| 008 | 990602s1993 fre d | ||
| 020 | |a 2-01-021001-8 | ||
| 035 | |l 10051325 | ||
| 040 | |a GR-MY-UA |b gre |e aacr | ||
| 041 | 0 | |a fre | |
| 082 | 0 | |a Π 443 | |
| 100 | 1 | |a Benac, Henri. | |
| 245 | 1 | 0 | |a Vocabulaire des etudes litteraires / |c Henri Benac, Brigitte Reaute |
| 260 | |a Paris : |b Hachette, |c 1993 | ||
| 300 | |a 255 p. | ||
| 490 | 1 | |a Faire le point | |
| 650 | 0 | 0 | |a French language |x Dictionaries. |
| 650 | 0 | 0 | |a Criticism |x Terminology. |
| 650 | 0 | 0 | |a Literature |x Terminology. |
| 700 | 1 | |a Reaute, Brigitte. | |
| 830 | 0 | |a Faire le point | |
| 852 | |a INST |b RHODES |e 19990602 |h 443 BEN |p 005400009996 |q 005400009996 |t REF |y 23 | ||
| 901 | |a BIBL4-1999-2 | ||
| 909 | |a Ρ |b 033944 |c 1993 | ||
| 922 | |a 4ΕΛΗ |b 199312 |c ΧΡΙΣΤΟΔΟΥΛΙΔΟΥ | ||